000 00240nam a2200109Ia 4500
008 220204s9999 xx 000 0 und d
082 _a82-3
_bKON
100 _aJeffrey
245 0 _aGuardian
260 _aToronto
_bBantam
_c1979
942 _cBK
999 _c33501
_d33501